<?xml version="1.0" encoding="UTF-8"?>
<marc:record xmlns:marc="http://www.loc.gov/MARC21/slim">
   <marc:leader>00000nam a2200000 a 4500</marc:leader>
   <marc:datafield ind1="1" ind2=" " tag="100">
      <marc:subfield code="a">Anderson, Judith</marc:subfield>
   </marc:datafield>
   <marc:datafield ind1="1" ind2=" " tag="100">
      <marc:subfield code="a">Harris, Richard</marc:subfield>
   </marc:datafield>
   <marc:datafield ind1="1" ind2=" " tag="100">
      <marc:subfield code="a">Silverstein, Elliot</marc:subfield>
   </marc:datafield>
   <marc:datafield ind1="0" ind2="0" tag="245">
      <marc:subfield code="a">Ein Mann, den sie Pferd nannten [Bildtonträger]</marc:subfield>
   </marc:datafield>
   <marc:datafield ind1="0" ind2="0" tag="245">
      <marc:subfield code="c">Regie: Elliot Silverstein. Mit Richard Harris, Dame Judith Anderson ...</marc:subfield>
   </marc:datafield>
   <marc:datafield ind1=" " ind2="1" tag="264">
      <marc:subfield code="b">Paramount</marc:subfield>
      <marc:subfield code="c">2005</marc:subfield>
   </marc:datafield>
   <marc:datafield ind1="1" ind2=" " tag="520">
      <marc:subfield code="a">Die Erlebnisse eines britischen Lords, der sich 1815 in die amerikanische Wildnis vorwagt und dabei den Sioux in die Hände fällt. Er wird einer alten Squaw als eine Art Haustier überlassen, doch mit Hilfe eines sprachkundigen Halbbluts lernt er sich allmählich in dem fremden Milieu zurechtzufinden.</marc:subfield>
   </marc:datafield>
   <marc:datafield ind1=" " ind2=" " tag="500">
      <marc:subfield code="a">Orig. : USA 1970. Sprache: Deutsch (Dolby Digital 1.0), Englisch (Dolby Digital 5.1), Französisch (Dolby Digital 1.0), Italienisch (Dolby Digital 1.0), Spanisch (Dolby Digital 1.0)</marc:subfield>
   </marc:datafield>
   <marc:datafield ind1="0" ind2=" " tag="490">
      <marc:subfield code="v">0</marc:subfield>
   </marc:datafield>
   <marc:datafield ind1=" " ind2=" " tag="300">
      <marc:subfield code="a">1 DVD (114 Min.) : farbig</marc:subfield>
   </marc:datafield>
</marc:record>
